|
|
|
|
| LEADER |
02369nam a2200577 a 4500 |
| 001 |
nkc20132442455 |
| 003 |
CZ PrNK |
| 005 |
20130322090545.0 |
| 007 |
ta |
| 008 |
130220s2012 xr a e c 000 0dcze |
| 020 |
|
|
|a 978-80-260-4011-8
|q (v knize neuvedeno :
|q skládanka)
|
| 040 |
|
|
|a ABA001
|b cze
|
| 041 |
1 |
|
|a cze
|a eng
|h cze
|
| 043 |
|
|
|a e-xr---
|b e-xr-mr
|b e-xr-zl
|2 czenas
|
| 045 |
|
|
|a x-x-
|
| 072 |
|
7 |
|a 75
|x Malířství
|2 Konspekt
|9 21
|
| 080 |
|
|
|a 75(437.3)
|2 MRF
|
| 080 |
|
|
|a 75.036/.038
|2 MRF
|
| 080 |
|
|
|a 7.04
|2 MRF
|
| 080 |
|
|
|a 72/76:069.5
|2 MRF
|
| 080 |
|
|
|a (437.32)
|2 MRF
|
| 080 |
|
|
|a (437.323)
|2 MRF
|
| 080 |
|
|
|a (083.824)
|2 MRF
|
| 245 |
0 |
0 |
|a Mistři české a moravské malby :
|b obrazy z fondu České spořitelny na pobočkách Zlínského kraje = Masters of Czech and Moravian painting : paintings from the collection of Česká spořitelna, Zlín Region branches
|
| 246 |
3 |
1 |
|a Masters of Czech and Moravian painting
|
| 260 |
|
|
|a Praha :
|b Galerie České spořitelny pro výstavu konanou v Galerii Slováckého muzea v Uherském Hradišti,
|c [2012]
|
| 300 |
|
|
|a [12] s. :
|b barev. il. ;
|c 21 cm
|
| 500 |
|
|
|a Výstava se konala od 19.7. do 16.9.2012
|
| 546 |
|
|
|a Souběžný anglický text
|
| 648 |
|
7 |
|a 20. století
|7 ch460558
|2 czenas
|
| 650 |
0 |
7 |
|a české malířství
|7 ph116864
|y 20. stol.
|2 czenas
|
| 650 |
0 |
7 |
|a moderní malířství
|7 ph122940
|z Česko
|2 czenas
|
| 650 |
0 |
7 |
|a umělecké náměty
|7 ph138227
|2 czenas
|
| 650 |
0 |
7 |
|a umělecké sbírky
|7 ph135222
|z Česko
|2 czenas
|
| 650 |
0 |
9 |
|a Czech painting
|y 20th century
|2 eczenas
|
| 650 |
0 |
9 |
|a modern painting
|z Czechia
|2 eczenas
|
| 650 |
0 |
9 |
|a artistic themes
|2 eczenas
|
| 650 |
0 |
9 |
|a art collections
|z Czechia
|2 eczenas
|
| 655 |
|
7 |
|a katalogy výstav
|7 fd132536
|2 czenas
|
| 655 |
|
9 |
|a exhibition catalogs
|2 eczenas
|
| 610 |
2 |
7 |
|a Česká spořitelna
|7 ko2004230757
|2 czenas
|
| 651 |
|
7 |
|a Morava (Česko)
|7 ge130070
|2 czenas
|
| 651 |
|
7 |
|a Zlínský kraj (Česko : 2000-)
|7 ge134376
|2 czenas
|
| 651 |
|
9 |
|a Moravia (Czechia)
|2 eczenas
|
| 651 |
|
9 |
|a Zlín Region (Czechia : 2000-)
|2 eczenas
|
| 710 |
2 |
|
|a Slovácké muzeum (Uherské Hradiště, Česko).
|b Galerie
|7 kn20051104028
|
| 910 |
2 |
|
|a BOA001
|b 2-1300.728
|
| 990 |
|
|
|a BK
|
| 995 |
|
|
|a 11
|
| 991 |
|
|
|b 201303
|c NOV
|e n
|
| 996 |
6 |
|
|b 2610541060
|c 2-1300.728
|l MZK
|r Sklad / do 1 hodiny
|n 1
|p p.v.
|w 001315925
|u 000010
|a 1
|e BOA001
|j MZK50
|s P
|